000
00306nam a22001337a 4500
008
181217b xxu||||| |||| 00| 0 eng d
020
_a
9780838515501
041
_a
eng
080
_2
38th
_a
610
100
_a
4
101
_a
SHM
245
_a
Medical Diagnosis & Treatment
_c
Tierney.L.M
942
_2
udc
_c
BK
999
_c
53165
_d
53165